Tholkappiyam and sabdhamani darpana / (Record no. 169433)

MARC details
000 -LEADER
fixed length control field 00560nam a22001817a 4500
005 - DATE AND TIME OF LATEST TRANSACTION
control field 20191119174405.0
010 ## - LCCN (DPL NO)
LC control number ENG-126930
020 ## - INTERNATIONAL STANDARD BOOK NUMBER
Terms of availability 400.00
International Standard Book Number 9788179665152
035 ## - SYSTEM CONTROL NUMBER
System control number EN-110462
037 ## - SOURCE OF ACQUISITION
Source of stock number/acquisition DBAD/PUB
082 ## - DEWEY DECIMAL CLASSIFICATION NUMBER
Classification number 402
100 ## - MAIN ENTRY--PERSONAL NAME
Personal name Madhivanan, R.
245 ## - TITLE STATEMENT
Title Tholkappiyam and sabdhamani darpana /
Statement of responsibility, etc by R Madhivanan
260 ## - PUBLICATION, DISTRIBUTION, ETC. (IMPRINT)
Place of publication, distribution, etc Chennai
Name of publisher, distributor, etc Emerald Publishers
Date of publication, distribution, etc 2019
270 ## - ADDRESS
Address 15A, First Floor, Casa Major Road
Postal code 600008
City Chennai
Electronic mail address info@emeraldpublishers.com
300 ## - PHYSICAL DESCRIPTION
Extent xi;315p.
Dimensions 21cm(pbk)
942 ## - ADDED ENTRY ELEMENTS (KOHA)
Source of classification or shelving scheme Dewey Decimal Classification
Item type English Books
Classification part 402
Call number suffix MAD
Holdings
Withdrawn status Lost status Not for loan Collection code Home library Current library Date acquired Source of acquisition Cost, normal purchase price Full call number Barcode Copy number Cost, replacement price Koha item type
      Non-fiction Ashok Vihar Ashok Vihar 19/11/2019 DBAD/PUB 400.00 402 MAD EN-110462 1 400.00 English Books

© Delhi Public Library
Hit Counter
free hit counter